| 000 | 00828nam a2200241Ia 4500 | ||
|---|---|---|---|
| 003 | OSt | ||
| 005 | 20220923211250.0 | ||
| 006 | a|||||r|||| 00| 0 | ||
| 007 | ta | ||
| 008 | Pun | ||
| 020 |
_a9788178563503 (hbk) _c250 |
||
| 024 | _a280,719 | ||
| 037 |
_b809, 09/03/2014, H.K. Prakashan _cTextual |
||
| 040 |
_aARTS _cARTS _bPun |
||
| 041 |
_2Pun _aPun |
||
| 082 | _aY73(P153):351, 153Q2 | ||
| 100 | _aਕਰਮਜੀਤ ਕੌਰ, ਥਦ. | ||
| 245 | 0 |
_aਪੰਜਾਬੀ ਲੋਕ ਕਹਾਣੀਆਂ _b ਪਾਠ ਅਤੇ ਸਮਾਲੋਚਨਾ |
|
| 260 |
_aਅੰਮ੍ਰਿਤਸਰ _b ਵਾਰਿਸ Fਾਹ _c2012 |
||
| 300 |
_a160ਪੰ _ccm. |
||
| 942 |
_hY73(P153):351, 153Q2 _cTEXL _2CC |
||
| 999 |
_c297919 _d297919 |
||